000 00976nam a2200289 a 4500
001 33199
003 BD-RjUL
005 20211209051950.0
008 140430r19691966enk 00100 eng d
020 _a0710046251 (v.1,pbk)
035 _a(BD-RjUL)33290
035 _a(BD-RjUL)
040 _aBD-RjUL
_beng
_cBD-RjUL
_dBD-RjUL
041 _aeng
082 _a300
_bPOO V-1 1969
100 1 _aPopper, Karl Raimund,
_d1902-1994
_9100831
245 1 4 _aThe open society and its enemies /
_cby K.R. Popper.
_nVolume I :
_pThe spell of Plato
250 _a5th ed.(revised)
260 _aLondon :
_bRoutledge & Kegan Paul,
_c1966 [Reprinted 1969]
300 _axi, 361 p. ;
_c22 cm.
490 _aRoutledge Paperback ;
_vNo.25
500 _av.1. The spell of Plato -- v.2. The high tide of prophecy : Hegel, Marx and the aftermath.
504 _aIncludes index.
650 0 _aSocial sciences.
_9100834
830 _aRoutledge Paperback ;No.25
_9112272
942 _2ddc
_cBK
999 _c33199
_d33199